| 000 | 00794cas a22002175a 4500 | ||
|---|---|---|---|
| 001 | L159509 | ||
| 008 | 020703c1992 xxktr p a eng u | ||
| 035 | _a(Sirsi) u159509 | ||
| 041 | 0 | _aeng | |
| 110 | 2 |
_aLand Trusts Association _93224 |
|
| 245 | _aOccasional Papers | ||
| 260 |
_aOxon _bRICS _c1992-2013 |
||
| 362 | 0 | _aOctober 1992 - February 2013 | |
| 520 | _aOccasional paper no. 1 - October 1992, no. 2 - Oct 1993, no. 3 - Nov 1994, no. 4 - Nov 1995, no. 5 - Spring 1997, no. 6 - Nov 1998, no. 7 - Sep 2000, no. 8 - Apr 2002, no. 9 - Nov 2004, no. 10 - Jan 2007, no. 11 - Jan 2010, no. 12 - Jul 2012, Nov 2012, Feb 2013. | ||
| 650 | _aCHARITABLE LAND TRUSTS | ||
| 650 | 2 | 4 | _aLANDOWNERSHIP |
| 650 | _aLAND MANAGEMENT | ||
| 651 | 4 | _aLONDON | |
| 690 |
_aRural _96268 |
||
| 942 | _n0 | ||
| 999 |
_c119415 _d119415 |
||